Statistics for NBA Best Players In History For Every Height

Click here to take the quiz!

General Stats

  • This quiz has been taken 55 times
  • The average score is 16 of 20

Answer Stats

HeightYearsMost Known TeamAnswer% Correct
6'6"1984-2003Chicago BullsMichael Jordan
100%
7'2"1969–1989Los Angeles LakersKareem Abdul-Jabbar
98%
6'3"2009–presentGolden State WarriorsStephen Curry
98%
6'8"2003-presentCleveland CavaliersLeBron James
98%
7'0"1984–2002Houston RocketsHakeem Olajuwon
96%
6'0"1996–2011Philadelphia 76ersAllen Iverson
96%
6'4"2003–2019Miami HeatDwyane Wade
96%
6'7"1987–2004Chicago BullsScottie Pippen
96%
6'11"1997–2016San Antonio SpursTim Duncan
96%
7'1"1992–2011Los Angeles LakersShaquille O'Neal
94%
6'1"1984–2003Utah JazzJohn Stockton
94%
6'2"1999–2019San Antonio SpursTony Parker
92%
5'9"2011–presentBoston CelticsIsaiah Thomas
91%
6'9"1979-1991Los Angeles LakersMagic Johnson
89%
6'5"1960–1974Cincinnati RoyalsOscar Robertson
85%
6'10"1974–1995Rockets/76ersMoses Malone
79%
7'3"1982–1994Utah JazzMark Eaton
70%
5'11"1991–2002Cleveland CavaliersTerrell Brandon
17%
5'10"1949–1960Minneapolis LakersSlater Martin
8%
5'8"1965–1973Houston MavericksWillie Somerset
2%

Score Distribution

Percentile by Number Answered

Percent of People with Each Score

Your Score History

You have not taken this quiz